| 000 | 00616nam a2200217 a 4500 | ||
|---|---|---|---|
| 005 | 20240919064343.0 | ||
| 008 | 030617s1983 mx r 000 0 spa d | ||
| 020 | _a9681503988 | ||
| 035 | _aUPN01000125791 | ||
| 049 | _aCG | ||
| 050 | 4 |
_aHB179 _bN5.38a 1983 |
|
| 100 | 1 |
_aNikitin, Petr Ivanovick, _d1920- |
|
| 245 | 1 | 0 |
_aEconomia política / _cP. Nikitin ; tr. Domingo Arteaga. |
| 250 | _a6a ed. | ||
| 260 |
_aMéxico : _bMexicanos Unidos, _c1983. |
||
| 300 | _a395 p. | ||
| 440 | 0 | _aCiencias sociales | |
| 534 |
_pTraducción de: _tCours d'economie politique |
||
| 650 | 4 |
_aEconomía _911541 |
|
| 905 | _aLibro | ||
| 999 |
_c97970 _d97970 |
||